| 000 | 00000nam##2200000za#4500 |
| 001 | 9.579387 |
| 003 | CaOODSP |
| 005 | 20210624190534 |
| 007 | cr ||||||||||| |
| 008 | 150406|2003||||xxc|||||o f|0| 0 eng|d |
| 040 | |aCaOODSP|beng |
| 043 | |an-cn--- |
| 086 | 1 |aFs97-6/2495E-PDF |
| 110 | 1 |aCanada. |bDepartment of Fisheries and Oceans. |
| 245 | 14|aThe Coastline of Eastern Newfoundland / |h[electronic resource]|cby N.R. Carto, D.A. Scruton and L.M.N. Ollerhead. |
| 260 | |aSt. John's - Newfoundland and Labrador : |bFisheries and Oceans Canada |c2003. |
| 300 | |a252p.|breferences |
| 490 | 1 |aCanadian technical report of fisheries and aquatic sciences|x1488-5379|vNo. 2495 |
| 500 | |aIssuing establishment : Science, Oceans and Environment Branch, John's NL. The catalogue number and ISSN for the print edition appear in the PDF version. |
| 546 | |a(Résumé en français) |
| 590 | |a14-06-Supp|b2014-03-21 |
| 720 | 1 |aScruton, D. A. |
| 720 | 1 |aOllerhead, L. M. N. |
| 720 | 1 |aCarto, N. R. |
| 830 | #0|aCanadian technical report of fisheries and aquatic sciences,|x1488-5379|vNo. 2495|w(CaOODSP)9.504449 |
| 856 | 40|ahttp://publications.gc.ca|qPDF|s5607 KB|uhttps://publications.gc.ca/collections/collection_2014/mpo-dfo/Fs97-6-2495-eng.pdf|yNo. 2495 |
| 022 | |a1488-5379 |